000 00715cam a2200253 4500
008 710226s1970 paua 000 0 eng
010 _a 72129045
020 _a0830695370
040 _aDLC
_cDLC
_dDLC
050 0 0 _aTK7867
_b.T87
082 0 0 _a621.38153
092 0 4 _a621.38153
_bT9519
_221
099 _a04
_a621.38153 T9519
100 1 _aTurner, Rufus P.
245 1 0 _a125 one-transistor projects,
_cby Rufus P. Turner.
260 _aBlue Ridge Summit, Pa.,
_bTab Books
_c1970
300 _a192 p.
_billus.
_c23 cm.
650 0 _aTransistor circuits.
902 _a1
905 _aEman
_eRev.
905 _aJamal
_eCat.
942 _2ddc
_cBK
999 _c129690
_d129690